[Event "37th Nezhmetdinov Rapid"]
[Site "Kazan RUS"]
[Date "2015.05.30"]
[Round "9.6"]
[White "Shahinyan, David"]
[Black "Goganov, Aleksey"]
[Result "1/2-1/2"]
[WhiteTitle "FM"]
[BlackTitle "GM"]
[WhiteElo "2436"]
[BlackElo "2609"]
[WhiteFideId "13304380"]
[BlackFideId "24109959"]
[EventDate "2015.05.29"]

1. c4 Nf6 2. Nc3 g6 3. g3 Bg7 4. Bg2 O-O 5. d4 d6 6. Nf3 Nbd7 7. O-O e5 8. h3
Re8 9. e4 exd4 10. Nxd4 Nc5 11. Re1 Bd7 12. Nb3 Na4 13. Nxa4 Bxa4 14. Bd2 Nd7
15. Qc2 Nc5 16. Bc3 Ne6 17. Rad1 Qe7 18. f4 c5 19. Bxg7 Kxg7 20. Qc3+ Kg8 21. e5
dxe5 22. Rxe5 Rad8 23. Rxd8 Qxd8 24. Bxb7 Bxb3 25. Qxb3 Nd4 26. Qe3 Rxe5 27.
Qxe5 Nf5 28. Bd5 Nxg3 29. Qg5 Ne2+ 30. Kf2 Qxg5 31. fxg5 Nf4 32. Kg3 Nd3 33. b3
Kg7 34. Kf3 f6 35. Be4 Ne5+ 36. Kf4 Kf7 37. h4 a5 38. Bd5+ Ke7 39. Bg8 Nd3+ 40.
Ke4 Nb4 41. Bxh7 fxg5 42. hxg5 Kf7 43. a3 Nc2 44. Kd5 Nxa3 45. Kxc5 Kg7 46. Bxg6
Kxg6 47. Kd4 Kxg5 48. Kc3 Kf5 49. Kb2 Nxc4+ 50. bxc4 Ke5 51. Ka3 Kd4 52. Ka4
Kxc4 53. Kxa5 1/2-1/2

[Event "37th Nezhmetdinov Rapid"]
[Site "Kazan RUS"]
[Date "2015.05.30"]
[Round "9.7"]
[White "Smirnov, Alexey"]
[Black "Kabanov, Nikolai"]
[Result "1/2-1/2"]
[BlackTitle "GM"]
[WhiteElo "2453"]
[BlackElo "2489"]
[WhiteFideId "4168437"]
[BlackFideId "4127820"]
[EventDate "2015.05.29"]

1. d4 Nf6 2. c4 g6 3. Nc3 Bg7 4. e4 d6 5. Nf3 O-O 6. Be2 e5 7. O-O Nc6 8. d5 Ne7
9. Ne1 Ne8 10. Be3 f5 11. f3 f4 12. Bf2 g5 13. c5 Rf6 14. a4 Rh6 15. a5 dxc5 16.
Bxc5 Nd6 17. Nd3 Bd7 18. Qb3 Ng6 19. Nf2 Bf8 20. Rfc1 Nh4 21. Nb5 g4 22. fxg4 f3
23. Bxd6 Bxd6 24. Nxd6 fxe2 25. Nf5 Nxf5 26. exf5 Qg5 27. Qd3 Qf4 28. h3 c6 29.
dxc6 Bxc6 30. Qxe2 Rd8 31. Qc4+ Qxc4 32. Rxc4 a6 33. Re1 Rd5 34. b4 Rhd6 35.
Rce4 Rb5 36. Rxe5 Rxb4 37. g5 Rd2 38. f6 Rbb2 39. Rf5 Rb5 40. Rxb5 axb5 41. h4
b4 42. h5 b3 43. g6 hxg6 44. hxg6 b2 45. Rb1 Rc2 46. Nd3 Rxg2+ 47. Kf1 Rxg6 48.
f7+ Kf8 49. Rxb2 Rg5 50. Ra2 Bb5 51. Ra3 Kxf7 52. Kf2 Ke6 53. Ke3 Bxd3 54. Rxd3
Rxa5 55. Rb3 b5 56. Kd2 Kd5 57. Kc2 Kc5 58. Rh3 Ra4 59. Kb2 Rf4 60. Rg3 b4 61.
Rh3 Kc4 62. Rg3 Rf2+ 63. Kb1 Kb5 64. Rh3 Ka4 65. Rg3 1/2-1/2

[Event "37th Nezhmetdinov Rapid"]
[Site "Kazan RUS"]
[Date "2015.05.30"]
[Round "9.8"]
[White "Kalegin, Evgenij"]
[Black "Balashov, Yuri S"]
[Result "1-0"]
[WhiteTitle "IM"]
[BlackTitle "GM"]
[WhiteElo "2460"]
[BlackElo "2443"]
[WhiteFideId "4103416"]
[BlackFideId "4100263"]
[EventDate "2015.05.29"]

1. e4 c5 2. Nf3 Nc6 3. Bb5 g6 4. O-O Bg7 5. Re1 Nf6 6. Bxc6 dxc6 7. d3 O-O 8. h3
h6 9. Nc3 Re8 10. e5 Nd5 11. Ne4 b6 12. Qe2 Nc7 13. Bf4 Ne6 14. Bh2 Ba6 15. c4
Qd7 16. Rad1 Rad8 17. b3 Bc8 18. Qe3 Nd4 19. Nxd4 Qxd4 20. Qxd4 Rxd4 21. Kf1
Red8 22. Ke2 f5 23. exf6 exf6 24. f3 f5 25. Nf2 Be6 26. Kf1 Bf7 27. Be5 R4d7 28.
Bxg7 Kxg7 29. Re5 Re8 30. Rde1 Rxe5 31. Rxe5 Kf6 32. Re1 a5 33. Re2 Rd4 34. Ke1
h5 35. Kd2 h4 36. Nd1 b5 37. Kc2 a4 38. Nc3 axb3+ 39. axb3 g5 40. Re1 Rd7 41.
Ra1 Ke5 42. Ne2 b4 43. Ra6 Kd6 44. d4 Bg6 45. d5 f4+ 46. Kd2 Rc7 47. Nc1 Ke5 48.
Rxc6 Rxc6 49. dxc6 Kd6 50. Nd3 Bf5 51. c7 Bd7 52. Nf2 Bf5 53. Ne4+ Kxc7 54. Nxc5 1-0

[Event "37th Nezhmetdinov Rapid"]
[Site "Kazan RUS"]
[Date "2015.05.30"]
[Round "9.9"]
[White "Pavlovski, Yaroslav"]
[Black "Timofeev, Artyom"]
[Result "0-1"]
[WhiteTitle "FM"]
[BlackTitle "GM"]
[WhiteElo "2311"]
[BlackElo "2534"]
[WhiteFideId "4166566"]
[BlackFideId "4140419"]
[EventDate "2015.05.29"]

1. e4 e6 2. d4 d5 3. Nc3 Nc6 4. Nf3 Nf6 5. Bg5 Be7 6. e5 Ne4 7. Bxe7 Qxe7 8. a3
Nxc3 9. bxc3 Na5 10. Be2 c5 11. O-O Bd7 12. c4 Nxc4 13. Bxc4 dxc4 14. dxc5 Qxc5
15. Re1 O-O-O 16. c3 Bc6 17. Nd4 h5 18. Qd2 g5 19. Qe3 a6 20. Rab1 Bd5 21. Rb4
g4 22. Reb1 h4 23. Qf4 g3 24. Qxf7 Rdf8 25. Qg7 Rhg8 26. Qh7 gxf2+ 27. Kf1 Bxg2+ 0-1

[Event "37th Nezhmetdinov Rapid"]
[Site "Kazan RUS"]
[Date "2015.05.30"]
[Round "9.10"]
[White "Lintchevski, Daniil"]
[Black "Askarov, Marat"]
[Result "1-0"]
[WhiteTitle "GM"]
[BlackTitle "GM"]
[WhiteElo "2554"]
[BlackElo "2467"]
[WhiteFideId "4171055"]
[BlackFideId "4141229"]
[EventDate "2015.05.29"]

1. e4 c5 2. Nf3 d6 3. d4 cxd4 4. Nxd4 Nf6 5. Nc3 a6 6. Be3 e6 7. a4 Nc6 8. Be2
Be7 9. O-O O-O 10. f4 Qc7 11. Kh1 Nxd4 12. Qxd4 e5 13. Qd3 exf4 14. Bxf4 Be6 15.
Qg3 Qc5 16. e5 dxe5 17. Bxe5 Ne8 18. Bf3 Bd6 19. Rfe1 Bxe5 20. Qxe5 Qxe5 21.
Rxe5 Nd6 22. Rc5 Rad8 23. a5 Bf5 24. Nd5 Rfe8 25. Nc7 Re7 26. Rd1 Ne8 27. Nd5
Red7 28. Kg1 Kf8 29. Kf2 Nf6 30. Nxf6 Rxd1 31. Bxd1 Rxd1 32. Rxf5 gxf6 33. Ke2
Rg1 34. g3 Rh1 35. Rh5 Kg7 36. Kd3 Kg6 37. Rh4 Rd1+ 38. Kc3 Rd5 39. b4 f5 40.
Rd4 Rb5 41. Kb3 h5 42. c4 Re5 43. Rd7 h4 44. Rxb7 hxg3 45. hxg3 Re3+ 46. Kb2
Rxg3 47. Rb6+ f6 48. Rxa6 f4 49. Rd6 f3 50. Rd1 Kf5 51. a6 Ke5 52. a7 Rg8 53. b5
f2 54. b6 1-0